Parteien bei der Bundestagswahl 2025 - Statistiken

Allgemein
  • Dieses Quiz wurde 221 mal gespielt
  • Das Durchschnittsergebnis liegt bei 14 aus 29
Antwortstatistiken
Letztes Ergebnis Partei Kürzel Anmerkungen % Korrekt
18,9 % Christlich-demokratische Union CDU alle außer Bayern
100%
14,8 % Bündnis 90 / Die Grünen Grüne
99%
10,3 % Alternative für Deutschland AfD
98%
25,7 % Sozialdemokratische Partei Deutschlands SPD
98%
11,5 % Freie Demokratische Partei FDP
97%
4,9 % Die Linke Linke
96%
5,2 % Christlich Soziale Union CSU nur in Bayern
95%
- Bündnis Sahra Wagenknecht - Vernunft und Gerechtigkeit BSW
84%
0,4 % Volt Deutschland Volt
67%
2,4 % Freie Wähler FW
65%
1,0 % Partei für Arbeit, Rechtsstaat, Tierschutz, Elitenförderung und basisdemokratische Initiative Die Partei 13 Bundesländer
63%
1,5 % Partei Mensch Umwelt Tierschutz Tierschutzpartei 11 Bundesländer
63%
0,4 % Piratenpartei Deutschland Piraten 3 Bundesländer
56%
0,1 % Südschleswigscher Wählerverband SSW nur in Schleswig-Holstein
53%
< 0,1 % Marxistisch-Leninistische Partei Deutschlands MLPD
42%
1,4 % Basisdemokratische Partei Deutschlands dieBasis 4 Bundesländer
32%
0,1 % Bayernpartei BP nur in Bayern
30%
- Bündnis Deutschland -
25%
0,1 % Partei der Humanisten – Fakten, Freiheit, Fortschritt PdH 4 Bundesländer
23%
0,1 % Partei für Verjüngungsforschung Verjüngungsforschung nur in Bremen
23%
- WerteUnion - nur Nordrhein-Westfalen
23%
0,5 % Die Gerechtigkeitspartei - Team Todenhöfer - nur in Berlin und Nordrhein-Westfalen
21%
< 0,1 % Partei des Fortschritts PdF nur in Berlin und Nordrhein-Westfalen
18%
0,1 % Bündnis C – Christen für Deutschland Bündnis C nur in Baden-Württemberg
16%
< 0,1 % Sozialistische Gleichheitspartei, Vierte Internationale SGP nur in Berlin
12%
- MERA25 – Gemeinsam für Europäische Unabhängigkeit Mera25 3 Bundesländer
11%
0,2 % Ökologisch-Demokratische Partei - Die Naturschutzpartei ÖDP 3 Bundesländer
7%
< 0,1 % Bürgerrechtsbewegung Solidarität BüSo nur in Berlin
6%
< 0,1 % Menschliche Welt – für das Wohl und Glücklichsein aller Menschliche Welt nur in Bremen
5%
Keine übereinstimmenden Quizze gefunden
Verteilung der Resultate
Anzahl Personen mit jedem Resultat
Perzentil nach korrekt beantworteten Fragen
Ihre Resultats-Entwicklung
Sie haben dieses Quiz noch nicht gespielt